| 000 | 01190nam a2200325 a 4500 | ||
|---|---|---|---|
| 001 | 000013500 | ||
| 003 | DO-SdBNP | ||
| 005 | 20240530073932.0 | ||
| 007 | ta | ||
| 008 | 091126s2003 dr 001 0 spa d | ||
| 020 | _a9993455482 | ||
| 040 |
_aDO-SdBNP _bspa _cBNPHU |
||
| 082 | 4 |
_aRD863.4 _bC422o _222 |
|
| 100 | 1 |
_aCestero, Tulio M., _q(Tulio Manuel), _d1877-1955 _91698 |
|
| 245 | 1 | 0 |
_aObras escogidas / _cTulio M. Cestero; edición Andrés Blanco Díaz. |
| 260 |
_aSanto Domingo : _bEdiciones de la Fundación Corripio, _c2003. |
||
| 300 |
_a2v. : _bil., retr. ; _c23 cm. |
||
| 490 | 1 |
_aBiblioteca de clásicos dominicanos _v36, 37 |
|
| 500 | _aIncluye datos biográficos del autor en las solapas | ||
| 505 | 2 |
_av.1-- _tNovelas -- _gv. 2 -- _tCésar Borgia y otros ensayos-- |
|
| 590 | _aInventariado, 2021/MFF | ||
| 600 | 1 | 0 |
_aCestero, Tulio M., _q(Tulio Manuel), _d1877-1955 _91698 |
| 650 | 0 |
_aEnsayos dominicanos _965 |
|
| 650 | 0 |
_aNovela dominicana _9223 |
|
| 650 | 4 |
_aLiteratura dominicana _930832 |
|
| 700 | 1 |
_aBlanco Díaz, Andrés _eed. _9172 |
|
| 830 | 0 |
_aBiblioteca de clásicos dominicanos _v37 _921767 |
|
| 910 | _aValidado. Control de calidad MFF | ||
| 942 |
_2ddc _cLBS1 |
||
| 999 |
_c13124 _d13124 |
||